[Event "DEM U16w 2020"]
[Site "Willingen GER"]
[Date "2020.10.21"]
[Round "3"]
[White "Kalina, Lena"]
[Black "Doll, Rebecca"]
[Result "1-0"]
[Termination "normal"]
[Board "6"]
[WhiteElo "1561"]
[BlackElo "1808"]
[WhiteClock "00:23:27"]
[BlackClock "00:17:38"]
[PlyCount "119"]
[WhiteFideId "12988014"]
[BlackFideId "16236890"]
[EventCountry "GER"]
[EventRounds "7"]
[EventType "swiss"]
[EventDate "2020.10.19"]

1. d4 {[%clk 1:30:57]} d5 {[%clk 1:30:55]} 2. c4 {[%clk 1:31:21]} e6 {[%clk
1:31:21]} 3. Nc3 {[%clk 1:31:44]} Nf6 {[%clk 1:31:45]} 4. cxd5 {[%clk 1:32:05]}
exd5 {[%clk 1:32:09]} 5. Bg5 {[%clk 1:32:30]} Nbd7 {[%clk 1:32:20]} 6. e3
{[%clk 1:32:44]} c6 {[%clk 1:32:43]} 7. Bd3 {[%clk 1:33:00]} Be7 {[%clk
1:33:05]} 8. h3 {[%clk 1:33:12]} Nb6 {[%clk 1:31:57]} 9. Bf4 {[%clk 1:30:27]}
Be6 {[%clk 1:26:52]} 10. Qc2 {[%clk 1:28:27]} Bd6 {[%clk 1:24:52]} 11. Bxd6
{[%clk 1:22:52]} Qxd6 {[%clk 1:24:49]} 12. Nf3 {[%clk 1:21:15]} g6 {[%clk
1:20:43]} 13. Ne5 {[%clk 1:17:23]} a6 {[%clk 1:16:49]} 14. O-O {[%clk 1:09:08]}
O-O {[%clk 1:14:11]} 15. b3 {[%clk 0:59:46]} Nh5 {[%clk 1:09:38]} 16. f4 {[%clk
0:53:15]} Ng7 {[%clk 1:09:22]} 17. g4 {[%clk 0:49:39]} f6 {[%clk 1:08:08]} 18.
Nf3 {[%clk 0:47:46]} Rac8 {[%clk 1:02:17]} 19. Nh4 {[%clk 0:41:12]} c5 {[%clk
0:54:34]} 20. Rac1 {[%clk 0:37:16]} cxd4 {[%clk 0:51:30]} 21. exd4 {[%clk
0:36:59]} Qb4 {[%clk 0:51:22]} 22. Nf3 {[%clk 0:33:47]} Rc7 {[%clk 0:49:14]}
23. Qd2 {[%clk 0:32:49]} Re8 {[%clk 0:37:28]} 24. Ne2 {[%clk 0:29:55]} Qe7
{[%clk 0:28:17]} 25. Rxc7 {[%clk 0:27:42]} Qxc7 {[%clk 0:28:39]} 26. Rc1 {[%clk
0:27:58]} Qd6 {[%clk 0:27:51]} 27. Kg2 {[%clk 0:21:14]} Bd7 {[%clk 0:25:58]}
28. Ng3 {[%clk 0:17:27]} Ne6 {[%clk 0:18:24]} 29. f5 {[%clk 0:15:34]} Nf4+
{[%clk 0:18:24]} 30. Kh2 {[%clk 0:13:59]} gxf5 {[%clk 0:15:08]} 31. gxf5 {[%clk
0:13:53]} Nh5 {[%clk 0:10:36]} 32. Rg1 {[%clk 0:12:41]} Kh8 {[%clk 0:07:13]}
33. Qh6 {[%clk 0:07:38]} Nxg3 {[%clk 0:07:11]} 34. Rxg3 {[%clk 0:07:50]} Rg8
{[%clk 0:06:55]} 35. Qh4 {[%clk 0:08:07]} Nc8 {[%clk 0:05:28]} 36. Kg2 {[%clk
0:07:14]} Rxg3+ {[%clk 0:03:46]} 37. Qxg3 {[%clk 0:07:38]} Qxg3+ {[%clk
0:02:11]} 38. Kxg3 {[%clk 0:08:02]} Nd6 {[%clk 0:02:35]} 39. Kf4 {[%clk
0:07:30]} Bb5 {[%clk 0:02:04]} 40. Ne1 {[%clk 0:04:37]} Kg7 {[%clk 0:01:46]}
41. a4 {[%clk 0:04:08]} Bxd3 {[%clk 0:25:39]} 42. Nxd3 {[%clk 0:34:44]} a5
{[%clk 0:19:00]} 43. Nc5 {[%clk 0:32:49]} Kf7 {[%clk 0:19:07]} 44. Ne6 {[%clk
0:31:08]} Ne8 {[%clk 0:19:22]} 45. Nd8+ {[%clk 0:29:14]} Ke7 {[%clk 0:15:38]}
46. Nxb7 {[%clk 0:29:17]} Kd7 {[%clk 0:15:23]} 47. Nxa5 {[%clk 0:29:07]} Kc7
{[%clk 0:15:45]} 48. b4 {[%clk 0:28:59]} Kb6 {[%clk 0:15:57]} 49. Nb3 {[%clk
0:28:38]} Nd6 {[%clk 0:16:13]} 50. Nc5 {[%clk 0:28:34]} Ne8 {[%clk 0:16:09]}
51. Kg4 {[%clk 0:24:28]} Ka7 {[%clk 0:15:43]} 52. a5 {[%clk 0:24:25]} Nd6
{[%clk 0:16:03]} 53. Nd7 {[%clk 0:23:58]} Ne4 {[%clk 0:16:06]} 54. b5 Ka8
{[%clk 0:16:10]} 55. Nb6+ {[%clk 0:23:47]} Kb7 56. Nxd5 {[%clk 0:24:08]} Kc8
{[%clk 0:16:27]} 57. Kf4 {[%clk 0:24:03]} Nd6 {[%clk 0:16:52]} 58. Nxf6 {[%clk
0:23:57]} Nxb5 {[%clk 0:17:14]} 59. Nxh7 {[%clk 0:23:27]} Nxd4 {[%clk 0:17:38]}
60. f6 {[%clk 0:23:27]} 1-0

[Event "DEM U16w 2020"]
[Site "Willingen GER"]
[Date "2020.10.21"]
[Round "3"]
[White "Basovskiy, Jana"]
[Black "Jacoby, Angelina"]
[Result "1/2-1/2"]
[Termination "normal"]
[Board "8"]
[WhiteElo "1760"]
[BlackElo "1630"]
[WhiteClock "00:06:53"]
[BlackClock "00:10:37"]
[PlyCount "98"]
[WhiteFideId "16208617"]
[BlackFideId "12999008"]
[EventCountry "GER"]
[EventRounds "7"]
[EventType "swiss"]
[EventDate "2020.10.19"]

1. e4 {[%clk 1:30:58]} d5 {[%clk 1:30:41]} 2. exd5 {[%clk 1:31:22]} Qxd5 {[%clk
1:31:05]} 3. Nc3 {[%clk 1:31:41]} Qd8 {[%clk 1:31:19]} 4. d4 {[%clk 1:31:22]}
Nf6 {[%clk 1:31:16]} 5. Nf3 {[%clk 1:31:37]} Bg4 {[%clk 1:31:26]} 6. h3 {[%clk
1:31:13]} Bxf3 {[%clk 1:31:45]} 7. Qxf3 {[%clk 1:31:34]} c6 {[%clk 1:32:07]} 8.
Be3 {[%clk 1:31:55]} e6 {[%clk 1:32:18]} 9. Bd3 {[%clk 1:29:21]} Nbd7 {[%clk
1:31:46]} 10. O-O-O {[%clk 1:29:23]} Bb4 {[%clk 1:31:43]} 11. Ne2 {[%clk
1:29:09]} Qa5 {[%clk 1:21:12]} 12. Kb1 {[%clk 1:28:38]} Qd5 {[%clk 1:14:05]}
13. Qxd5 {[%clk 1:18:15]} exd5 {[%clk 1:09:53]} 14. Bf4 {[%clk 1:13:43]} O-O-O
{[%clk 1:07:28]} 15. Ng3 {[%clk 0:58:30]} g6 {[%clk 1:04:03]} 16. c3 {[%clk
0:57:03]} Ba5 {[%clk 0:58:35]} 17. Rhe1 {[%clk 0:56:33]} Rde8 {[%clk 0:54:06]}
18. Nf1 {[%clk 0:51:46]} Rxe1 {[%clk 0:51:05]} 19. Rxe1 {[%clk 0:52:36]} Re8
{[%clk 0:51:52]} 20. Rxe8+ {[%clk 0:49:29]} Nxe8 {[%clk 0:49:17]} 21. Nd2
{[%clk 0:49:12]} f5 {[%clk 0:46:20]} 22. Kc2 {[%clk 0:42:24]} Ndf6 {[%clk
0:42:59]} 23. Be5 {[%clk 0:40:17]} Kd7 {[%clk 0:39:19]} 24. Be2 {[%clk
0:31:56]} Bd8 {[%clk 0:34:32]} 25. Nb3 {[%clk 0:23:44]} b6 {[%clk 0:33:15]} 26.
Nd2 {[%clk 0:21:41]} Nd6 {[%clk 0:32:56]} 27. f3 {[%clk 0:21:00]} Nh5 {[%clk
0:29:07]} 28. g4 {[%clk 0:14:39]} Nf6 {[%clk 0:26:23]} 29. Bd3 {[%clk 0:10:41]}
fxg4 {[%clk 0:23:17]} 30. hxg4 {[%clk 0:11:10]} Nf7 {[%clk 0:17:18]} 31. Bf4
{[%clk 0:09:58]} Ne8 {[%clk 0:15:44]} 32. Kd1 {[%clk 0:07:49]} Ng5 {[%clk
0:14:52]} 33. Bg3 {[%clk 0:05:22]} Nd6 {[%clk 0:13:16]} 34. Ke2 {[%clk
0:04:38]} Ne6 {[%clk 0:07:06]} 35. f4 {[%clk 0:03:53]} Ng7 {[%clk 0:06:04]} 36.
Nf3 {[%clk 0:03:36]} Nf7 {[%clk 0:05:26]} 37. Ke3 {[%clk 0:02:12]} Ke6 {[%clk
0:04:03]} 38. c4 {[%clk 0:01:33]} Be7 {[%clk 0:02:25]} 39. cxd5+ {[%clk
0:00:44]} cxd5 {[%clk 0:01:59]} 40. Bc2 {[%clk 0:00:41]} Bd6 {[%clk 0:01:14]}
41. Bh4 {[%clk 0:24:56]} h5 {[%clk 0:22:50]} 42. Bxg6 {[%clk 0:18:09]} hxg4
{[%clk 0:22:53]} 43. Ne5 {[%clk 0:16:17]} Bxe5 {[%clk 0:17:35]} 44. dxe5 {[%clk
0:12:06]} Nf5+ {[%clk 0:17:16]} 45. Bxf5+ {[%clk 0:12:35]} Kxf5 {[%clk
0:17:20]} 46. Bg3 {[%clk 0:12:44]} Nh6 {[%clk 0:13:32]} 47. Be1 {[%clk
0:09:26]} Ke6 {[%clk 0:10:56]} 48. Kf2 {[%clk 0:07:06]} Nf5 {[%clk 0:10:37]}
49. Bd2 {[%clk 0:06:53]} Kxe5 1/2-1/2

[Event "DEM U16w 2020"]
[Site "Willingen GER"]
[Date "2020.10.21"]
[Round "3"]
[White "Klahold, Rona"]
[Black "Dohon, Maria-Johanna"]
[Result "1-0"]
[Termination "normal"]
[Board "10"]
[WhiteElo "1551"]
[BlackElo "1536"]
[WhiteClock "00:25:52"]
[BlackClock "00:36:44"]
[PlyCount "109"]
[WhiteFideId "16222970"]
[BlackFideId "34600957"]
[EventCountry "GER"]
[EventRounds "7"]
[EventType "swiss"]
[EventDate "2020.10.19"]

1. d4 {[%clk 1:30:58]} Nf6 {[%clk 1:30:53]} 2. Bf4 {[%clk 1:31:05]} e6 {[%clk
1:31:14]} 3. e3 {[%clk 1:31:16]} c5 {[%clk 1:31:28]} 4. Nf3 {[%clk 1:31:23]}
Nc6 {[%clk 1:31:37]} 5. Bd3 {[%clk 1:30:28]} d5 {[%clk 1:30:53]} 6. c3 {[%clk
1:30:21]} Bd6 {[%clk 1:29:03]} 7. Bg3 {[%clk 1:29:10]} O-O {[%clk 1:28:37]} 8.
Nbd2 {[%clk 1:28:36]} h6 {[%clk 1:26:00]} 9. Ne5 {[%clk 1:25:09]} Qc7 {[%clk
1:24:14]} 10. Nxc6 {[%clk 1:21:42]} Qxc6 {[%clk 1:22:03]} 11. Nf3 {[%clk
1:20:13]} b6 {[%clk 1:17:40]} 12. Qe2 {[%clk 1:13:46]} a6 {[%clk 1:11:36]} 13.
Bxd6 {[%clk 1:08:15]} Qxd6 {[%clk 1:11:55]} 14. O-O {[%clk 1:08:35]} Re8 {[%clk
1:07:18]} 15. a4 {[%clk 1:03:54]} Bb7 {[%clk 1:05:59]} 16. Rfd1 {[%clk
1:00:47]} c4 {[%clk 0:58:54]} 17. Bc2 {[%clk 1:00:53]} b5 {[%clk 0:56:13]} 18.
Qe1 {[%clk 0:54:48]} Nd7 {[%clk 0:50:47]} 19. e4 {[%clk 0:46:28]} dxe4 {[%clk
0:46:57]} 20. Bxe4 {[%clk 0:46:02]} Bxe4 {[%clk 0:47:03]} 21. Qxe4 {[%clk
0:46:29]} Nf6 {[%clk 0:46:50]} 22. Qe5 {[%clk 0:41:56]} Qxe5 {[%clk 0:43:55]}
23. Nxe5 {[%clk 0:42:14]} Nd5 {[%clk 0:43:16]} 24. Ra3 {[%clk 0:39:15]} Rec8
{[%clk 0:39:48]} 25. axb5 {[%clk 0:36:49]} axb5 {[%clk 0:39:57]} 26. Rda1
{[%clk 0:37:11]} Nc7 {[%clk 0:39:01]} 27. Kf1 {[%clk 0:32:17]} Rxa3 {[%clk
0:34:07]} 28. Rxa3 {[%clk 0:32:36]} Ra8 {[%clk 0:33:55]} 29. Rxa8+ {[%clk
0:32:19]} Nxa8 {[%clk 0:33:51]} 30. Ke2 {[%clk 0:31:55]} Kf8 {[%clk 0:33:39]}
31. Ke3 {[%clk 0:31:01]} Ke7 {[%clk 0:31:56]} 32. Ke4 {[%clk 0:29:56]} Nb6
{[%clk 0:31:24]} 33. Nc6+ {[%clk 0:29:08]} Kd6 {[%clk 0:30:24]} 34. Na7 {[%clk
0:26:37]} Na4 {[%clk 0:26:11]} 35. Nxb5+ {[%clk 0:24:04]} Kd7 {[%clk 0:25:42]}
36. d5 {[%clk 0:22:47]} exd5+ {[%clk 0:20:47]} 37. Kxd5 {[%clk 0:23:13]} Nxb2
{[%clk 0:20:44]} 38. Nd4 {[%clk 0:14:51]} g6 {[%clk 0:11:03]} 39. Nf3 {[%clk
0:10:39]} f6 {[%clk 0:09:45]} 40. Nd2 {[%clk 0:10:07]} Nd1 {[%clk 0:08:06]} 41.
Kxc4 {[%clk 0:09:56]} Nxf2 {[%clk 0:08:12]} 42. Kd5 {[%clk 0:09:56]} Ng4 {[%clk
0:08:06]} 43. Ne4 {[%clk 0:05:08]} f5 {[%clk 0:06:52]} 44. Nc5+ {[%clk
0:05:00]} Ke7 {[%clk 0:06:57]} 45. Nd3 {[%clk 0:04:09]} Nf6+ {[%clk 0:06:54]}
46. Kd4 {[%clk 0:03:30]} Kd6 {[%clk 0:06:38]} 47. c4 {[%clk 0:03:37]} Nd7
{[%clk 0:06:36]} 48. c5+ {[%clk 0:01:49]} Kc7 {[%clk 0:06:27]} 49. Ne5 {[%clk
0:01:00]} g5 {[%clk 0:06:01]} 50. Nxd7 {[%clk 0:29:01]} Kxd7 {[%clk 0:36:14]}
51. Ke5 {[%clk 0:25:54]} f4 {[%clk 0:36:27]} 52. h3 {[%clk 0:25:06]} Kc6 {[%clk
0:36:38]} 53. Kf5 {[%clk 0:25:02]} Kxc5 {[%clk 0:36:47]} 54. Kg6 {[%clk
0:25:28]} Kd4 {[%clk 0:36:44]} 55. Kxh6 {[%clk 0:25:52]} 1-0

[Event "DEM U16w 2020"]
[Site "Willingen GER"]
[Date "2020.10.23"]
[Round "5"]
[White "Reuter, Elisa"]
[Black "Brunner, Sophia"]
[Result "1/2-1/2"]
[Termination "normal"]
[Board "1"]
[WhiteElo "1860"]
[BlackElo "1850"]
[WhiteClock "00:31:53"]
[BlackClock "00:01:22"]
[PlyCount "72"]
[WhiteFideId "12995444"]
[BlackFideId "12960683"]
[EventCountry "GER"]
[EventRounds "7"]
[EventType "swiss"]
[EventDate "2020.10.19"]

1. c4 {[%clk 1:30:59]} c5 {[%clk 1:25:53]} 2. Nc3 {[%clk 1:31:24]} Nc6 {[%clk
1:26:17]} 3. g3 {[%clk 1:31:32]} g6 {[%clk 1:26:21]} 4. Bg2 {[%clk 1:31:58]}
Bg7 {[%clk 1:26:38]} 5. Nf3 {[%clk 1:32:22]} Nf6 {[%clk 1:26:22]} 6. O-O {[%clk
1:32:27]} O-O {[%clk 1:26:17]} 7. d3 {[%clk 1:31:27]} d6 {[%clk 1:20:57]} 8.
Rb1 {[%clk 1:29:48]} Nd7 {[%clk 1:01:10]} 9. Bd2 {[%clk 1:27:38]} Nde5 {[%clk
1:00:13]} 10. Ne1 {[%clk 1:26:15]} f5 {[%clk 0:50:39]} 11. a3 {[%clk 1:23:41]}
Nd7 {[%clk 0:43:08]} 12. b4 {[%clk 1:21:58]} e5 {[%clk 0:42:45]} 13. Nc2 Nb6
{[%clk 0:28:04]} 14. b5 {[%clk 1:04:21]} Nd4 {[%clk 0:27:34]} 15. Nxd4 {[%clk
1:03:57]} exd4 {[%clk 0:23:42]} 16. Nd5 {[%clk 1:02:51]} Nxd5 {[%clk 0:19:14]}
17. Bxd5+ {[%clk 1:03:15]} Kh8 {[%clk 0:19:43]} 18. Qc1 {[%clk 1:00:22]} Qe7
{[%clk 0:17:03]} 19. Re1 {[%clk 1:00:02]} Be6 {[%clk 0:15:23]} 20. e4 {[%clk
0:44:08]} Bxd5 {[%clk 0:15:07]} 21. exd5 {[%clk 0:44:26]} Qd7 {[%clk 0:09:32]}
22. Bf4 {[%clk 0:43:34]} Rfe8 {[%clk 0:09:06]} 23. Qd2 {[%clk 0:43:19]} Be5
{[%clk 0:06:21]} 24. Bg5 {[%clk 0:41:10]} Kg7 {[%clk 0:04:37]} 25. Kf1 {[%clk
0:36:30]} Kf7 {[%clk 0:02:37]} 26. Re2 {[%clk 0:33:57]} Bg7 {[%clk 0:01:57]}
27. Rbe1 {[%clk 0:32:56]} Rxe2 {[%clk 0:02:04]} 28. Qxe2 {[%clk 0:32:32]} Re8
{[%clk 0:01:47]} 29. Qxe8+ {[%clk 0:32:23]} Qxe8 {[%clk 0:02:16]} 30. Rxe8
{[%clk 0:32:46]} Kxe8 {[%clk 0:02:44]} 31. Ke2 {[%clk 0:33:03]} Kd7 {[%clk
0:02:16]} 32. h4 {[%clk 0:33:09]} h5 {[%clk 0:01:10]} 33. a4 {[%clk 0:33:06]}
Be5 {[%clk 0:00:56]} 34. f4 {[%clk 0:31:19]} Bg7 {[%clk 0:01:19]} 35. Kd2
{[%clk 0:31:44]} Bf8 {[%clk 0:01:04]} 36. a5 {[%clk 0:31:53]} a6 {[%clk
0:01:22]} 1/2-1/2

[Event "DEM U16w 2020"]
[Site "Willingen GER"]
[Date "2020.10.23"]
[Round "5"]
[White "Butenandt, Svenja"]
[Black "Pavlov, Liliane"]
[Result "1-0"]
[Termination "normal"]
[Board "2"]
[WhiteElo "1986"]
[BlackElo "1744"]
[WhiteClock "00:08:42"]
[BlackClock "00:13:54"]
[PlyCount "75"]
[WhiteFideId "12993859"]
[BlackFideId "16225449"]
[EventCountry "GER"]
[EventRounds "7"]
[EventType "swiss"]
[EventDate "2020.10.19"]

1. d4 {[%clk 1:30:58]} Nf6 {[%clk 1:30:52]} 2. c4 {[%clk 1:31:24]} c5 {[%clk
1:31:15]} 3. d5 {[%clk 1:31:50]} e6 {[%clk 1:31:37]} 4. Nc3 {[%clk 1:32:12]}
exd5 {[%clk 1:32:00]} 5. cxd5 {[%clk 1:32:37]} Bd6 {[%clk 1:32:17]} 6. g3
{[%clk 1:32:13]} O-O {[%clk 1:32:35]} 7. Bg2 {[%clk 1:32:34]} Re8 {[%clk
1:32:34]} 8. Nf3 {[%clk 1:32:15]} a6 {[%clk 1:32:19]} 9. a4 {[%clk 1:31:37]}
Bc7 {[%clk 1:31:06]} 10. O-O {[%clk 1:30:24]} d6 {[%clk 1:29:59]} 11. Nd2
{[%clk 1:26:49]} Nbd7 {[%clk 1:27:41]} 12. e4 {[%clk 1:21:31]} Ne5 {[%clk
1:18:03]} 13. Qe2 {[%clk 1:12:19]} Bd7 {[%clk 1:15:31]} 14. f4 {[%clk 0:58:05]}
Ng6 {[%clk 1:10:52]} 15. Qd1 {[%clk 0:55:44]} Rb8 {[%clk 1:06:30]} 16. Re1
{[%clk 0:52:14]} b5 {[%clk 1:04:47]} 17. axb5 {[%clk 0:48:52]} axb5 {[%clk
1:04:54]} 18. h3 {[%clk 0:43:01]} Bb6 {[%clk 0:47:41]} 19. Kh2 {[%clk 0:40:26]}
Ra8 {[%clk 0:41:24]} 20. Rxa8 {[%clk 0:35:36]} Qxa8 {[%clk 0:41:41]} 21. Qc2
{[%clk 0:31:21]} c4 {[%clk 0:28:54]} 22. b3 {[%clk 0:25:25]} b4 {[%clk
0:26:00]} 23. Nxc4 {[%clk 0:24:40]} Bc5 {[%clk 0:25:07]} 24. Ne2 {[%clk
0:22:53]} h5 {[%clk 0:23:33]} 25. e5 {[%clk 0:17:14]} Nxd5 {[%clk 0:18:08]} 26.
Nxd6 {[%clk 0:12:57]} Bxd6 {[%clk 0:18:04]} 27. exd6 {[%clk 0:13:21]} Qa5
{[%clk 0:17:23]} 28. Bd2 {[%clk 0:10:26]} Ne3 {[%clk 0:16:31]} 29. Bxe3 {[%clk
0:10:45]} Rxe3 {[%clk 0:16:54]} 30. Qc7 {[%clk 0:09:06]} Qxc7 {[%clk 0:14:43]}
31. dxc7 {[%clk 0:09:34]} Rxb3 {[%clk 0:14:31]} 32. Rd1 {[%clk 0:08:53]} Nf8
{[%clk 0:12:45]} 33. Rxd7 {[%clk 0:08:44]} Nxd7 {[%clk 0:13:10]} 34. c8=Q+
{[%clk 0:09:10]} Nf8 {[%clk 0:13:34]} 35. Nd4 {[%clk 0:08:52]} Rc3 {[%clk
0:13:37]} 36. Nc6 {[%clk 0:09:10]} g6 {[%clk 0:13:49]} 37. Qb8 {[%clk 0:08:19]}
b3 {[%clk 0:13:54]} 38. Ne7+ {[%clk 0:08:42]} 1-0

[Event "DEM U16w 2020"]
[Site "Willingen GER"]
[Date "2020.10.23"]
[Round "5"]
[White "Bardorz, Jana"]
[Black "Rudolph, Eva"]
[Result "1/2-1/2"]
[Termination "normal"]
[Board "3"]
[WhiteElo "1960"]
[BlackElo "1836"]
[WhiteClock "00:04:39"]
[BlackClock "00:02:33"]
[PlyCount "144"]
[WhiteFideId "16208897"]
[BlackFideId "16200594"]
[EventCountry "GER"]
[EventRounds "7"]
[EventType "swiss"]
[EventDate "2020.10.19"]

1. e4 {[%clk 1:30:56]} c5 {[%clk 1:30:55]} 2. Nf3 {[%clk 1:31:21]} d6 {[%clk
1:31:18]} 3. d4 {[%clk 1:31:46]} cxd4 {[%clk 1:31:42]} 4. Nxd4 {[%clk 1:32:10]}
Nf6 {[%clk 1:32:06]} 5. Nc3 {[%clk 1:32:34]} a6 {[%clk 1:32:25]} 6. f4 {[%clk
1:31:52]} e6 {[%clk 1:32:38]} 7. Qf3 {[%clk 1:31:19]} Qb6 {[%clk 1:32:41]} 8.
Nb3 {[%clk 1:30:50]} Qc7 {[%clk 1:32:42]} 9. g4 {[%clk 1:23:48]} b5 {[%clk
1:32:37]} 10. g5 {[%clk 1:22:34]} Nfd7 {[%clk 1:32:34]} 11. Bd3 {[%clk
1:15:42]} Nb6 {[%clk 1:26:17]} 12. f5 {[%clk 1:09:38]} N8d7 {[%clk 1:03:20]}
13. fxe6 {[%clk 1:02:38]} fxe6 {[%clk 1:03:35]} 14. Bf4 {[%clk 1:01:15]} Nc4
{[%clk 0:53:29]} 15. Bxc4 {[%clk 0:52:35]} Qxc4 {[%clk 0:43:56]} 16. O-O-O
{[%clk 0:47:03]} Ne5 {[%clk 0:22:45]} 17. Bxe5 {[%clk 0:39:57]} dxe5 {[%clk
0:23:14]} 18. Rhf1 {[%clk 0:37:51]} Qc7 {[%clk 0:23:25]} 19. Rd2 {[%clk
0:31:51]} Bb4 {[%clk 0:20:39]} 20. Rdf2 {[%clk 0:28:24]} Qe7 {[%clk 0:19:57]}
21. Qe3 {[%clk 0:21:18]} Bd7 {[%clk 0:15:54]} 22. g6 {[%clk 0:16:02]} hxg6
{[%clk 0:14:56]} 23. Qg3 {[%clk 0:16:17]} O-O-O {[%clk 0:09:41]} 24. Qxe5
{[%clk 0:13:07]} Rh5 {[%clk 0:09:05]} 25. Qg3 {[%clk 0:12:12]} Qg5+ {[%clk
0:06:51]} 26. Qxg5 {[%clk 0:11:48]} Rxg5 {[%clk 0:07:20]} 27. Rf7 {[%clk
0:11:59]} Bc6 {[%clk 0:07:19]} 28. Nd2 {[%clk 0:08:54]} Rg2 {[%clk 0:06:22]}
29. R7f2 {[%clk 0:09:09]} Rxf2 {[%clk 0:05:09]} 30. Rxf2 {[%clk 0:09:34]} Bc5
{[%clk 0:03:46]} 31. Rf3 {[%clk 0:08:53]} Bd4 {[%clk 0:02:34]} 32. Nb3 {[%clk
0:06:58]} Bb6 {[%clk 0:02:19]} 33. a3 {[%clk 0:06:29]} Kc7 {[%clk 0:02:04]} 34.
Rg3 {[%clk 0:04:39]} Be8 {[%clk 0:02:03]} 35. Nd2 {[%clk 0:02:24]} Rd7 {[%clk
0:01:22]} 36. Nf3 {[%clk 0:01:27]} Rf7 {[%clk 0:01:25]} 37. Ne5 {[%clk
0:01:01]} Rf1+ {[%clk 0:01:21]} 38. Kd2 {[%clk 0:01:26]} Rf2+ {[%clk 0:01:18]}
39. Kd3 {[%clk 0:01:39]} Kd6 {[%clk 0:00:52]} 40. Nxg6 {[%clk 0:01:35]} Bxg6
{[%clk 0:00:49]} 41. Rxg6 {[%clk 0:01:45]} Rf3+ {[%clk 0:28:12]} 42. Ke2 {[%clk
0:30:30]} Rf2+ {[%clk 0:27:18]} 43. Kd3 {[%clk 0:30:27]} Rf3+ {[%clk 0:25:59]}
44. Ke2 {[%clk 0:30:08]} Rf2+ {[%clk 0:25:34]} 45. Kd3 {[%clk 0:30:05]} Rxh2
{[%clk 0:21:05]} 46. Rxg7 {[%clk 0:29:59]} Rh3+ {[%clk 0:21:11]} 47. Kd2 {[%clk
0:24:41]} Be3+ {[%clk 0:20:25]} 48. Ke2 {[%clk 0:21:36]} Bd4 {[%clk 0:19:28]}
49. Rb7 {[%clk 0:20:24]} Bxc3 {[%clk 0:15:27]} 50. bxc3 {[%clk 0:20:48]} Rxc3
{[%clk 0:15:48]} 51. Rb6+ {[%clk 0:20:16]} Rc6 {[%clk 0:15:28]} 52. Rb8 {[%clk
0:17:02]} Rxc2+ {[%clk 0:14:24]} 53. Kd3 {[%clk 0:17:26]} Rc4 {[%clk 0:13:52]}
54. Rb6+ {[%clk 0:16:45]} Rc6 {[%clk 0:14:08]} 55. Rb8 {[%clk 0:16:52]} Kc7
{[%clk 0:12:13]} 56. Re8 {[%clk 0:15:55]} Kd7 {[%clk 0:11:51]} 57. Ra8 {[%clk
0:16:09]} Rb6 {[%clk 0:08:14]} 58. Kd4 {[%clk 0:14:07]} Rd6+ {[%clk 0:05:31]}
59. Ke5 {[%clk 0:13:45]} Rc6 {[%clk 0:03:50]} 60. Ra7+ {[%clk 0:13:06]} Kd8
{[%clk 0:03:51]} 61. Kf6 {[%clk 0:11:38]} Rb6 {[%clk 0:01:32]} 62. e5 {[%clk
0:10:58]} Rc6 {[%clk 0:01:05]} 63. Ra8+ {[%clk 0:04:00]} Kc7 {[%clk 0:01:19]}
64. Re8 {[%clk 0:04:19]} a5 {[%clk 0:01:01]} 65. Rxe6 {[%clk 0:02:27]} Rxe6+
{[%clk 0:01:08]} 66. Kxe6 {[%clk 0:02:53]} b4 {[%clk 0:01:18]} 67. axb4 {[%clk
0:02:47]} axb4 68. Kf7 {[%clk 0:03:03]} b3 {[%clk 0:02:06]} 69. e6 {[%clk
0:03:30]} b2 {[%clk 0:02:16]} 70. e7 {[%clk 0:03:58]} b1=Q {[%clk 0:02:34]} 71.
e8=Q {[%clk 0:04:23]} Qf5+ {[%clk 0:02:27]} 72. Kg8 {[%clk 0:04:39]} Qg5+
{[%clk 0:02:33]} 1/2-1/2

[Event "DEM U16w 2020"]
[Site "Willingen GER"]
[Date "2020.10.23"]
[Round "5"]
[White "Heutling, Elina"]
[Black "Peglau, Mirjam"]
[Result "1/2-1/2"]
[Termination "normal"]
[Board "4"]
[WhiteElo "1873"]
[BlackElo "1909"]
[WhiteClock "00:16:52"]
[BlackClock "01:02:34"]
[PlyCount "92"]
[WhiteFideId "16244729"]
[BlackFideId "16211138"]
[EventCountry "GER"]
[EventRounds "7"]
[EventType "swiss"]
[EventDate "2020.10.19"]

1. e4 {[%clk 1:30:58]} e5 {[%clk 1:30:55]} 2. Nf3 {[%clk 1:31:22]} Nf6 {[%clk
1:31:20]} 3. Nxe5 {[%clk 1:30:59]} d6 {[%clk 1:31:44]} 4. Nf3 {[%clk 1:31:21]}
Nxe4 {[%clk 1:32:08]} 5. d4 {[%clk 1:27:25]} Bf5 {[%clk 1:31:57]} 6. Bd3 {[%clk
1:27:10]} Be7 {[%clk 1:32:03]} 7. c4 {[%clk 1:24:18]} d5 {[%clk 1:29:24]} 8.
O-O {[%clk 1:15:08]} dxc4 {[%clk 1:27:19]} 9. Bxc4 {[%clk 1:13:58]} O-O {[%clk
1:27:08]} 10. Ne5 {[%clk 1:09:27]} Nd7 {[%clk 1:23:43]} 11. Nxf7 {[%clk
1:08:25]} Rxf7 {[%clk 1:23:55]} 12. Bxf7+ {[%clk 1:08:47]} Kxf7 {[%clk
1:24:21]} 13. Qf3 {[%clk 1:05:43]} Ndf6 {[%clk 1:17:21]} 14. Qxf5 {[%clk
1:04:05]} Qxd4 {[%clk 1:17:49]} 15. Qf3 {[%clk 0:59:25]} Rd8 {[%clk 1:15:51]}
16. Qb3+ {[%clk 0:56:01]} Qd5 {[%clk 1:12:14]} 17. Qxd5+ {[%clk 0:48:15]} Rxd5
{[%clk 1:12:42]} 18. Be3 {[%clk 0:45:12]} Ng4 {[%clk 1:10:21]} 19. f3 {[%clk
0:42:43]} Nxe3 {[%clk 1:10:44]} 20. fxe4+ {[%clk 0:43:07]} Nxf1 {[%clk
1:11:05]} 21. exd5 {[%clk 0:43:30]} Ne3 {[%clk 1:11:23]} 22. Nc3 {[%clk
0:42:50]} Bc5 {[%clk 1:11:34]} 23. Kh1 {[%clk 0:42:08]} a6 {[%clk 1:10:48]} 24.
Re1 {[%clk 0:37:01]} Bb6 {[%clk 1:10:08]} 25. h3 {[%clk 0:35:07]} Kf6 {[%clk
1:08:46]} 26. d6 {[%clk 0:19:29]} cxd6 {[%clk 1:09:01]} 27. Rxe3 {[%clk
0:19:18]} Bxe3 {[%clk 1:09:30]} 28. Nd5+ {[%clk 0:19:42]} Ke5 {[%clk 1:09:50]}
29. Nxe3 {[%clk 0:20:08]} Ke4 {[%clk 1:08:41]} 30. Nc4 {[%clk 0:18:24]} d5
{[%clk 1:08:30]} 31. Nd6+ {[%clk 0:18:09]} Ke3 {[%clk 1:05:44]} 32. Kg1 {[%clk
0:09:52]} Ke2 {[%clk 1:03:31]} 33. Nf5 {[%clk 0:03:58]} g6 {[%clk 1:03:18]} 34.
Nd4+ {[%clk 0:03:54]} Kd3 {[%clk 0:59:59]} 35. Nf3 {[%clk 0:03:49]} Kc2 {[%clk
0:56:27]} 36. b3 {[%clk 0:04:11]} Kb2 {[%clk 0:56:09]} 37. Kf2 {[%clk 0:03:11]}
Kxa2 {[%clk 0:56:32]} 38. Nd4 {[%clk 0:03:38]} Kb2 {[%clk 0:56:42]} 39. Ke3
{[%clk 0:02:43]} Kc3 {[%clk 0:56:28]} 40. g4 {[%clk 0:01:33]} b5 {[%clk
0:53:53]} 41. g5 {[%clk 0:29:57]} b4 {[%clk 1:18:55]} 42. Ne6 {[%clk 0:16:37]}
Kxb3 {[%clk 1:18:01]} 43. Nc5+ {[%clk 0:16:32]} Kc3 {[%clk 1:16:16]} 44. Nxa6
{[%clk 0:16:28]} d4+ {[%clk 1:05:53]} 45. Ke4 {[%clk 0:16:30]} d3 {[%clk
1:02:12]} 46. Nxb4 {[%clk 0:16:52]} Kxb4 {[%clk 1:02:34]} 1/2-1/2